Pieseň pre vnuka Komponovaný program

Bibliographic Details
Main Authors: Turanová, Františka (Author), Elenič, Jozef (Author)
Format: Article
Language:Slovak
Subjects:

MARC

LEADER 00000nab a2200000 a 4500
001 vtls000250718
003 SK-MaSNL
005 20260304053420.0
008 250422c1986 xo 0 slo
015 |a SNBRB19rr/mm-uuuuu 
035 |a CL0260832 
035 |a urn:nbn:sk:snk-abdmpl 
035 |a (urnnbn)urn:nbn:sk:snk:ar-000sla 
035 |a (uuid)edeb7cd7-d63c-40b3-80aa-4a91a1bb2a9a 
040 |a SNKBUCL  |b slo  |c SNKBUCL  |e AACR2 
041 0 |a slo 
044 |a xo  |c SK 
080 |a 885.4-2  |2 1981 
100 1 |a Turanová, Františka  |4 aut  |9 1337633 
245 1 0 |a Pieseň pre vnuka  |b Komponovaný program  |c Františka Turanová, Jozef Elenič 
650 0 7 |a kompozície scénické  |2 snkbucl  |9 1006623 
655 7 |a články z novín a časopisov  |2 snkbucl  |9 267496 
700 1 |a Elenič, Jozef  |4 aut  |9 1337634 
773 0 |t Javisko  |g Roč. 18, č. 5 (1986), s. 214-218 
850 |a Slovenská národná knižnica 
852 |a Slovenská národná knižnica 
954 |a odborná, vedecká literatúra pôvodná (slovenská)  |2 lita 
958 |a article19 
958 |a OND 
958 |a RK 
958 |a LX 
958 |a EUIPO 
992 |a RBX 
999 |c 2713232  |d 2715162